Statistics for Countries That Are Transcontinental

Click here to take the quiz!

General Stats

  • This quiz has been taken 18 times
  • The average score is 14 of 17

Answer Stats

Answer% Correct
France
100%
Russia
100%
Turkey
94%
UK
94%
Denmark
88%
Netherlands
88%
USA
88%
Armenia
82%
Azerbaijan
82%
Egypt
82%
Georgia
82%
Kazakhstan
82%
Cyprus
71%
Indonesia
71%
Panama
65%
Colombia
59%
Iceland
41%

Score Distribution

Percentile by Number Answered

Percent of People with Each Score

Your Score History

You have not taken this quiz